ALL Cities in Delaware - Statistics

General Stats
  • This quiz has been taken 11 times
  • The average score is 21 of 57
Answer Stats
Hint Answer % Correct
D Dover
90%
W Wilmington
90%
L Lewes
80%
N Newark
80%
N New Castle
80%
B Bethany Beach
70%
R Rehoboth Beach
70%
F Fenwick Island
60%
M Middletown
60%
M Milford
60%
S Seaford
60%
S Smyrna
60%
D Delaware City
50%
D Dewey Beach
50%
L Laurel
50%
O Odessa
50%
S Selbyville
50%
D Delmar
40%
G Georgetown
40%
H Harrington
40%
M Millsboro
40%
S South Bethany
40%
B Bowers
30%
B Bridgeville
30%
D Dagsboro
30%
E Ellendale
30%
E Elsmere
30%
G Greenwood
30%
H Houston
30%
L Leipsic
30%
M Magnolia
30%
M Millville
30%
M Milton
30%
O Ocean View
30%
T Townsend
30%
V Viola
30%
A Arden
20%
A Ardencroft
20%
B Bellefonte
20%
B Blades
20%
C Camden
20%
C Cheswold
20%
C Clayton
20%
F Felton
20%
F Frankford
20%
F Frederica
20%
H Hartly
20%
H Henlopen Acres
20%
K Kenton
20%
L Little Creek
20%
N Newport
20%
S Slaughter Beach
20%
W Woodside
20%
W Wyoming
20%
A Ardentown
10%
B Bethel
10%
F Farmington
10%
No matching quizzes found
Score Distribution
Percent of People with Each Score
Percentile by Number Answered
Your Score History
You have not taken this quiz